Chyby a ich korekcia pri streľbe zo strednej vzdialenosti v basketbale

Salvato in:
Dettagli Bibliografici
Autore principale: Škultéty, Viktor, 1963-
Natura: Capitolo di libro
Lingua:slovacco
Soggetti:
Tags: Aggiungi Tag
Nessun Tag, puoi essere il primo ad aggiungerne!!

MARC

LEADER 00000naa a2200000 4500
001 0306578
005 20251028104626.5
041 0 |a slo 
044 |a SK 
245 1 0 |a Chyby a ich korekcia pri streľbe zo strednej vzdialenosti v basketbale  |c Viktor Škultéty 
500 |a Abstrakt 
610 2 0 |a šport 
610 2 0 |a študenti 
610 2 0 |a chyby štatistické 
610 2 0 |a opravy 
100 1 |a Škultéty, Viktor, 1963-